00363nam a22001097a 4500008004100000020001500041082001800056110005200074245006700126260005200193300000800245230704b xxu||||| |||| 00| 0 eng d a0889366640 a339.523bIDRC bInternational development Research Centerd1992 aThe Global Cash CrunchbAn Examination of debt and Development bInternational development Research Centerc1992 a43p